| 000 | 00439nam a2200169Ia 4500 | ||
|---|---|---|---|
| 008 | 230718s9999 xx 000 0 und d | ||
| 020 | _a9781420063233 | ||
| 041 | _aeng | ||
| 082 |
_a005.4'53 _bMED |
||
| 100 | _aMeduna A. | ||
| 245 | _aElements Of Compiler Design | ||
| 260 |
_c2012 _bAuerbach Publications |
||
| 300 | _a286 | ||
| 365 |
_cRs. _b450.00 |
||
| 700 | _aMeduna A. | ||
| 906 |
_dO:0249923-Jan-2012B:302612-Jan-2012 _cIT _b225 |
||
| 999 |
_c329691 _d329691 |
||